| 000 | 00519nam a2200193Ia 4500 | ||
|---|---|---|---|
| 003 | GCL | ||
| 008 | 140319s9999 xx 000 0 ara d | ||
| 040 |
_aGCL / _cGCL |
||
| 082 | 0 | 4 |
_a574.19245 _bح ش |
| 100 | 1 | _aحسن كامل عواض | |
| 245 | 1 | 0 |
_aشفرة الحياة / _cحسن كامل عواض |
| 300 | _a123 | ||
| 490 |
_aكتاب _v0 |
||
| 650 | 0 | 4 | _aالبروتينات |
| 650 | 0 | 4 | _aالمناعة |
| 650 | 0 | 4 | _aالاحياء، علم |
| 650 | 0 | 4 | _aالاجسام المضادة |
| 942 |
_2ddc _cBK |
||
| 999 |
_c41851 _d41851 |
||